000 00801cam a22002653a 4500
999 _c2704
_d2704
005 20180307082726.0
008 960601s1996||||xxu|||||s|||||000 1 eng d
040 _cAPEC Schools Library
_erda
041 _aeng
100 1 _aBuchan, John
_d 1875-1940
245 1 0 _aMr. Standfast /
_cJohn Buchan
336 _2rdacontent
_atext
337 _2rdamedia
_acomputer
338 _2rdacarrier
_aonline resource
500 _afollows 39 Steps and Greenmantle
506 _aPublic domain in the USA.
516 _aText
655 _aelectronic books
856 4 0 _uhttps://goo.gl/kotDy6
942 _2ddc
_cEBK